000 01001nas a2200301 4500
001 BR0405537
003 BR-BrBNA
005 20231205105016.0
007 ta
008 230509b bl.|||p| |||| 00| 00por d
040 _aBR-BrBNA
_bpor
_cBiblioteca Nacional de Agricultura
041 _a(Pt)
072 _aQ70
100 1 _aPereira-Ramirez, O.
100 1 _aQuadro, M.S.
100 1 _aAntunes, R.M.
100 1 _aKoetz, P.R.
245 1 _aInfluência da recirculação e da alcalinidade no desempenho de um reator UASB no tratamento de efluente de suinocultura
650 _aSUÍNO
650 _aRESÍDUO ORGÂNICO
650 _aTRATAMENTO DE ESGOTO
650 _aIMPACTO AMBIENTAL
650 _aRIO GRANDE DO SUL
773 0 _tRevista Brasileira de Agrociência (Brazil)
_xISSN 0104-8996
_g(Jan-Mar 2004), v. 10(1) p. 103-110
_wBR0405537
856 4 0 _uhttp://www.ufpel.edu.br/faem/agrociencia/v10n1/artigo15.htm
909 _a202311
_bLúcia
_c55
_dLúcia Elande
942 _2AGRIS
_n0
_cANA
999 _c180756
_d180756